000 00349nam a2200145Ia 4500
008 240624s9999 xx 000 0 und d
041 _aeng
082 _a891.46 PAL
100 _aPALKHIWALA NANI
245 _aWE THE NATION MARATHI
250 _a(4th ed.)
260 _c1995
_aPune
_bMehta Publishing House
300 _a320 p.
365 _cRS
_b25
999 _c30182
_d30182